000 00791aam a2200289 i 4500
001 768714001
003 CO-MdFUSB
005 20250514122154.0
007 ta
008 250514t1964 -us |||| |||| 00| 0 eng d
040 _cCO-MdFUSB
041 0 _aeng
082 0 4 _223
_a248
_bT298v
100 1 _aTenney, Merrill C. (Chapin) (1904-)
_eautor
245 1 0 _aThe vital heart of christianity
_c/ Merrill C. Tenney
264 1 _bZondervan Publishing House,
_aGrand Rapids, MIchigan :
_c[1964]
264 4 _c©1964
300 _a96 páginas
336 _atexto
_btxt
_2rdacontent
337 _2rdamedia
_asin mediación
_bn
338 _2rdacarrier
_avolumen
_bnc
563 _aRústico
650 0 _aVida cristiana
_919
942 _cBK
945 _aJTF-925
999 _c42805
_d42805